[Event "23rd European Women Club Cup 2018"]
[Site "Halkidiki"]
[Date "2018.10.13"]
[Round "2"]
[White "Kumanska, Olena"]
[Black "Richard, Emma"]
[Result "0-1"]
[WhiteElo "2054"]
[BlackElo "2127"]
[Annotator "NA"]
[PlyCount "70"]
[EventDate "2018.10.12"]
[EventType "team-tourn"]
[EventCountry "GRE"]
[SourceTitle "playchess.com"]
[Source "ChessBase"]
[SourceQuality "1"]
[WhiteTeam "Beer Sheva"]
[BlackTeam "Mulhouse"]
[TimeControl "40/5400+30:1800+30"]

1. d4 {[%emt 0:00:00]} Nf6 {[%emt 0:00:00]} 2. Nf3 {[%emt 0:00:00]} e6 {[%emt 0:00:00]} 3. Bf4 {[%emt 0:00:01]} c5 {[%emt 0:00:53]} 4. e3 {[%emt 0:00:25]} Nc6 {[%emt 0:01:56]} 5. c3 {[%emt 0:00:17]} cxd4 {[%emt 0:04:30]} 6. exd4 {[%emt 0:00:20]} Be7 {[%emt 0:01:13]} 7. Bd3 {[%emt 0:00:20]} d6 {[%emt 0:01:50]} 8. O-O {[%emt 0:00:18]} O-O {[%emt 0:00:22]} 9. Qe2 {[%emt 0:01:17]} Re8 {[%emt 0:07:53]} 10. Bg3 {[%emt 0:02:58]} Nh5 {[%emt 0:12:39]} 11. Nfd2 $15 {[%emt 0:04:25]} (11. Na3 $11) 11... g6 {[%emt 0:03:42]} 12. b4 {[%emt 0:02:38]} a6 {[%emt 0:01:34]} 13. a4 {[%emt 0:00:15]} f5 {[%emt 0:06:54]} 14. f4 {[%emt 0:01:40]} Bf6 {[%emt 0:03:04]} 15. Qf2 {[%emt 0:04:48]} Nxg3 {[%emt 0:00:34]} 16. hxg3 {[%emt 0:00:15]} e5 {[%emt 0:02:04]} 17. d5 {[%emt 0:02:00]} e4 {[%emt 0:19:34]} 18. dxc6 {[%emt 0:01:16]} exd3 {[%emt 0:00:05]} 19. Nc4 {[%emt 0:12:01]} bxc6 {[%emt 0:01:59]} 20. Qf3 {[%emt 0:03:07]} d5 {[%emt 0:02:45]} 21. Na5 {[%emt 0:15:35]} Qb6+ {[%emt 0:02:15]} 22. Kh2 {[%emt 0:00:50]} Re3 {[%emt 0:04:54]} 23. Qf2 {[%emt 0:00:34]} Bd7 {[%emt 0:00:30]} 24. Ra2 {[%emt 0:03:14]} Rae8 {[%emt 0:05:37]} 25. Rd2 {[%emt 0:02:42]} c5 {[%emt 0:05:17]} 26. Nb3 {[%emt 0:01:36]} cxb4 {[%emt 0:01:01]} 27. Rxd3 {[%emt 0:01:30]} bxc3 {[%emt 0:00:27]} 28. a5 {[%emt 0:02:53]} Qxb3 {[%emt 0:02:10]} 29. Rxe3 {[%emt 0:00:05]} d4 {[%emt 0:00:52]} 30. Rxe8+ {[%emt 0:00:18]} Bxe8 {[%emt 0:00:04]} 31. Qf3 {[%emt 0:01:24]} Qe6 {[%emt 0:00:47]} 32. Na3 {[%emt 0:07:59]} Bc6 {[%emt 0:00:18]} 33. Qd1 {[%emt 0:00:29]} Qd5 {[%emt 0:00:58]} 34. Rf2 {[%emt 0:01:06]} d3 {[%emt 0:00:21]} 35. Qb1 {[%emt 0:01:13]} d2 {[%emt 0:00:24]} 0-1

[Event "23rd European Women Club Cup 2018"]
[Site "Halkidiki"]
[Date "2018.10.13"]
[Round "2"]
[White "Santeramo, Alessia"]
[Black "Belenkaya, Dina"]
[Result "0-1"]
[WhiteElo "2054"]
[BlackElo "2329"]
[Annotator "NA"]
[PlyCount "112"]
[EventDate "2018.10.12"]
[EventType "team-tourn"]
[EventCountry "GRE"]
[SourceTitle "playchess.com"]
[Source "ChessBase"]
[SourceQuality "1"]
[WhiteTeam "Banca Alpi Marittime"]
[BlackTeam "SSHOR"]
[TimeControl "40/5400+30:1800+30"]

1. e4 {[%emt 0:00:00]} c6 {[%emt 0:00:00]} 2. d4 {[%emt 0:00:00]} d5 {[%emt 0:00:00]} 3. Nc3 {[%emt 0:00:00]} dxe4 {[%emt 0:00:00]} 4. Nxe4 {[%emt 0:00:00]} Bf5 {[%emt 0:00:01] LiveBook: 13049 Games} 5. Ng3 {[%emt 0:00:17]} Bg6 {[%emt 0:00:06]} 6. h4 {[%emt 0:00:21]} h6 {[%emt 0:00:26]} 7. Nf3 {[%emt 0:00:12]} Nd7 {[%emt 0:00:26]} 8. h5 {[%emt 0:00:14]} Bh7 {[%emt 0:00:11]} 9. Bd3 {[%emt 0:00:13]} Bxd3 {[%emt 0:00:05]} 10. Qxd3 {[%emt 0:00:06]} e6 {[%emt 0:00:15]} 11. Bd2 {[%emt 0:01:07]} Ngf6 {[%emt 0:00:12]} 12. O-O-O {[%emt 0:00:18]} Be7 {[%emt 0:00:06]} 13. Ne4 {[%emt 0:00:25]} Nxe4 {[%emt 0:02:56]} 14. Qxe4 {[%emt 0:00:07]} Nf6 {[%emt 0:00:04] B19: Classical Caro-Kann: 4...Bf5 main line} 15. Qd3 {[%emt 0:00:46]} c5 {[%emt 0:06:14]} 16. Qb5+ {[%emt 0:01:10]} Qd7 {[%emt 0:00:25]} 17. Qxd7+ {[%emt 0:00:18]} Nxd7 {[%emt 0:00:11]} 18. Be3 {[%emt 0:00:20] [#]} c4 $146 {[%emt 0:08:06]} ({Predecessor:} 18... cxd4 19. Bxd4 Bf6 20. Rhe1 Ke7 21. Ne5 Bxe5 22. Bxe5 Nxe5 23. Rxe5 {1-0 (49) Chigaev,M (2551)-Dreev,A (2660) Sochi 2016}) 19. d5 {[%emt 0:05:42]} e5 {[%emt 0:04:06]} 20. d6 {[%emt 0:07:06]} Bd8 {[%emt 0:04:24]} 21. Rd5 {[%emt 0:14:01]} f6 {[%emt 0:03:00]} 22. Nh4 {[%emt 0:01:23]} Kf7 {[%emt 0:03:51]} 23. Rhd1 {[%emt 0:09:22]} Bb6 {[%emt 0:12:09]} 24. Nf5 {[%emt 0:04:48]} Rhd8 {[%emt 0:06:16]} 25. Bxb6 {[%emt 0:12:28]} axb6 {[%emt 0:01:31]} 26. Kb1 {[%emt 0:01:55]} Rac8 {[%emt 0:07:13]} 27. c3 {[%emt 0:10:53]} Rc5 {[%emt 0:01:44]} 28. Rxc5 {[%emt 0:06:08]} Nxc5 {[%emt 0:03:15]} 29. d7 {[%emt 0:01:23]} Nd3 {[%emt 0:19:09]} 30. Nd6+ {[%emt 0:00:58]} Ke7 {[%emt 0:01:14]} 31. Nxc4 {[%emt 0:00:47]} Nxf2 {[%emt 0:00:25]} 32. Rd5 {[%emt 0:02:03]} Rxd7 {[%emt 0:05:27]} 33. Nxb6 {[%emt 0:00:06]} Rxd5 {[%emt 0:00:38]} 34. Nxd5+ {[%emt 0:00:02]} Ke6 {[%emt 0:04:44]} 35. c4 {[%emt 0:00:06]} Ne4 {[%emt 0:01:23]} 36. Kc2 {[%emt 0:03:10]} Ng3 {[%emt 0:00:11]} 37. a4 {[%emt 0:00:41]} Nxh5 {[%emt 0:00:18]} 38. a5 {[%emt 0:00:07]} Kd6 {[%emt 0:03:06]} 39. b4 {[%emt 0:00:36]} Ng3 {[%emt 0:01:16]} 40. Kd3 {[%emt 0:00:00]} f5 {[%emt 0:00:00]} 41. b5 {[%emt 0:11:22]} Ne4 {[%emt 0:03:55]} 42. Nb4 {[%emt 0:06:19]} Nc5+ {[%emt 0:01:39]} 43. Kc3 {[%emt 0:00:46]} f4 {[%emt 0:09:36]} 44. a6 {[%emt 0:03:39]} bxa6 {[%emt 0:00:20]} 45. bxa6 {[%emt 0:00:06]} Kc7 {[%emt 0:02:22]} 46. Nd5+ {[%emt 0:09:10]} Kc6 {[%emt 0:01:57]} 47. Ne7+ {[%emt 0:00:49]} Kb6 {[%emt 0:01:24]} 48. a7 {[%emt 0:00:13]} Kb7 {[%emt 0:01:10]} 49. Nc6 {[%emt 0:04:07]} e4 {[%emt 0:03:33]} 50. Kd4 {[%emt 0:03:43]} e3 {[%emt 0:00:29]} 51. Ne5 {[%emt 0:00:35]} Na4 {[%emt 0:04:38]} 52. Kd3 {[%emt 0:02:08]} Kxa7 {[%emt 0:02:02]} 53. Ng6 {[%emt 0:06:28]} Nc5+ {[%emt 0:00:58]} 54. Ke2 {[%emt 0:00:10]} Ne6 {[%emt 0:00:19]} 55. g3 {[%emt 0:00:12]} Nd4+ {[%emt 0:00:47]} 56. Kd3 {[%emt 0:00:24]} e2 {[%emt 0:00:25]} 0-1

[Event "23rd European Women Club Cup 2018"]
[Site "Halkidiki"]
[Date "2018.10.13"]
[Round "2"]
[White "Mihevc-Mohr, Narcisa"]
[Black "Brunello, Marina"]
[Result "0-1"]
[WhiteElo "1983"]
[BlackElo "2294"]
[Annotator "NA"]
[PlyCount "66"]
[EventDate "2018.10.12"]
[EventType "team-tourn"]
[EventCountry "GRE"]
[SourceTitle "playchess.com"]
[Source "ChessBase"]
[SourceQuality "1"]
[WhiteTeam "Maribor"]
[BlackTeam "Pentole Agnelli"]
[TimeControl "40/5400+30:1800+30"]

1. e4 {[%emt 0:00:00]} c5 {[%emt 0:00:00]} 2. Nf3 {[%emt 0:00:00]} d6 {[%emt 0:00:00]} 3. d4 {[%emt 0:00:00]} cxd4 {[%emt 0:00:01]} 4. Nxd4 {[%emt 0:00:00]} Nf6 {[%emt 0:00:05]} 5. Nc3 {[%emt 0:00:04]} a6 {[%emt 0:00:07]} 6. g3 {[%emt 0:00:19]} e5 {[%emt 0:01:53]} 7. Nb3 {[%emt 0:00:26]} Be7 {[%emt 0:00:35]} 8. a4 {[%emt 0:02:47]} Nc6 {[%emt 0:04:02]} 9. Bg2 {[%emt 0:04:35]} O-O {[%emt 0:00:23]} 10. O-O {[%emt 0:00:11]} Bg4 {[%emt 0:02:46]} 11. f3 {[%emt 0:04:33]} Be6 {[%emt 0:00:17]} 12. Bg5 {[%emt 0:05:05]} Nxe4 {[%emt 0:05:47]} 13. Nxe4 {[%emt 0:36:18]} Bxg5 {[%emt 0:00:10]} 14. Qxd6 {[%emt 0:00:50]} Qb6+ {[%emt 0:01:51]} 15. Kh1 {[%emt 0:02:42]} Be7 {[%emt 0:01:07]} 16. Qd3 {[%emt 0:05:35]} Nb4 {[%emt 0:08:40]} 17. a5 {[%emt 0:16:54]} Qc7 {[%emt 0:02:38]} 18. Qc3 {[%emt 0:02:27]} Qxc3 {[%emt 0:00:51]} 19. bxc3 {[%emt 0:00:05]} Nxc2 {[%emt 0:00:09]} 20. Rab1 {[%emt 0:01:09]} Rac8 {[%emt 0:04:52]} 21. Rfc1 {[%emt 0:05:43]} Ne3 {[%emt 0:00:30]} 22. Nbd2 {[%emt 0:01:47]} Bd5 {[%emt 0:00:50]} 23. Nf1 {[%emt 0:04:20]} Nxg2 {[%emt 0:03:55]} 24. Kxg2 {[%emt 0:00:04]} f5 {[%emt 0:00:22]} 25. Ned2 {[%emt 0:01:23]} Bc5 {[%emt 0:03:25]} 26. Re1 {[%emt 0:01:31]} Rce8 {[%emt 0:00:50]} 27. Ne3 {[%emt 0:00:57]} Bc6 {[%emt 0:00:05]} 28. Nb3 {[%emt 0:01:29]} Ba7 {[%emt 0:01:58]} 29. Nd2 {[%emt 0:01:13]} Rd8 {[%emt 0:01:49]} 30. Ndc4 {[%emt 0:00:07]} Rd3 {[%emt 0:02:32]} 31. Rbc1 {[%emt 0:00:35]} f4 {[%emt 0:00:30]} 32. Red1 {[%emt 0:01:25]} Rxe3 {[%emt 0:00:37]} 33. Nxe3 {[%emt 0:00:04]} fxe3 {[%emt 0:00:39]} 0-1

[Event "23rd European Women Club Cup 2018"]
[Site "Halkidiki"]
[Date "2018.10.13"]
[Round "2"]
[White "Tsivelekidou, Anthoula Elpida"]
[Black "Khotenashvili, Bela"]
[Result "0-1"]
[WhiteElo "1147"]
[BlackElo "2469"]
[Annotator "TA"]
[PlyCount "76"]
[EventDate "2018.10.12"]
[EventType "team-tourn"]
[EventCountry "GRE"]
[SourceTitle "playchess.com"]
[Source "ChessBase"]
[SourceQuality "1"]
[WhiteTeam "Thessaloniki"]
[BlackTeam "Nona"]

{[%evp 9,76,-12,54,-57,-53,-77,-72,-78,-98,-87,-85,-119,-119,-114,-56,-106,-106,-106,-97,-95,-99,-110,-114,-126,-125,-149,-148,-154,-155,-162,-156,-202,-191,-197,-191,-252,-254,-252,-258,-262,-266,-262,-250,-356,-356,-357,-364,-368,-365,-522,-530,-555,-548,-570,-568,-580,-580,-756,-739,-754,-698,-820,-808,-963,-902,-1112,-1110,-1073,-1077]} 1. d4 g6 2. c4 Bg7 3. Nc3 c5 4. Be3 (4. d5 d6 5. e4 Nf6 6. Nge2 O-O 7. Ng3 a6 8. a4 h5 9. Be2 e5 10. Bg5 Qe8 11. Qd2 Nbd7 12. a5 Nh7 13. Bh6 Rb8 14. Bxh5 Bxh6 15. Qxh6 b6 {0-1 (41) Ding,L (2774)-Carlsen,M (2837) Saint Louis 2017}) 4... Qa5 $146 ({Vorgänger:} 4... cxd4 5. Bxd4 Nf6 6. Nd5 O-O 7. Nxf6+ exf6 8. Bc3 Nc6 9. Nf3 Ne5 10. e3 Qc7 11. Qd5 Qc6 {1-0 (72) Zahorsky,R (1919)-Varga,A (1986) Slovakia 2005}) 5. g3 Nh6 (5... Nf6 $11) 6. Nf3 {A40: Verschiedene (seltene) Antworten auf 1.d4} ({Viel schlechter ist} 6. dxc5 Bxc3+ 7. bxc3 Ng4 $11) (6. Bh3 $14) 6... Nf5 $15 7. Qd2 Nxe3 8. Qxe3 {Schwarz steht besser.} cxd4 9. Nxd4 Nc6 10. Ndb5 O-O {Droht ...a6 und aus.} 11. Bg2 Qb4 ({Lieber} 11... a6 $17 12. Na3 b5 $1 {[%mdl 512]} 13. cxb5 axb5) 12. c5 {[#]} Nd4 $1 {[%cal Rd4c2]} ({Schlechter ist} 12... Qxb2 13. Rb1 $14) 13. Nxd4 Bxd4 14. Qd2 Qxc5 ({Natürlich nicht} 14... Bxc5 15. O-O $11) 15. e3 Bxc3 $1 16. bxc3 d6 17. Rb1 Rb8 18. O-O b6 19. Qd4 Bf5 20. Rb2 Rfc8 {[%cal Bf8c8,Bc8c7,Bc7c5,Bc5a5][%mdl 32]} 21. Rc1 Rc7 22. Qxc5 (22. Qd2 $142) 22... Rxc5 $19 23. Kf1 Rbc8 24. Rb3 Ra5 25. Rb2 Ra3 26. c4 {[#]} (26. Bd5 {ist eine bessere Verteidigung.}) 26... Rxc4 $1 {[%mdl 512]} 27. Rxc4 {Schwarz muss nun Tc7 beachten.} Bd3+ 28. Ke1 Bxc4 {[%mdl 4096] Endspiel KTL-KTL} 29. Rc2 (29. Bf1 $142 Rxa2 30. Rxa2 Bxa2 31. e4) 29... d5 {Schwarz steht klar auf Gewinn.} 30. e4 e6 {[%cal Be7e6,Be6d5][%mdl 32]} 31. exd5 exd5 32. Kd2 Kf8 33. Rc3 Rxa2+ 34. Ke3 Ke7 35. Bh3 Kd6 36. Kf3 b5 37. Re3 d4 38. Re1 Bd5+ {Precision: Weiß = 27%, Schwarz = 85%.} 0-1

[Event "23rd European Women Club Cup 2018"]
[Site "Halkidiki"]
[Date "2018.10.14"]
[Round "3"]
[White "Muzychuk, Mariya"]
[Black "Shvayger, Yuliya"]
[Result "1/2-1/2"]
[WhiteElo "2533"]
[BlackElo "2375"]
[Annotator "ChessBase"]
[PlyCount "93"]
[EventDate "2018.10.12"]
[EventType "team-tourn"]
[EventCountry "GRE"]
[SourceTitle "playchess.com"]
[Source "ChessBase"]
[SourceQuality "1"]
[WhiteTeam "Kyiv"]
[BlackTeam "Beer Sheva"]
[TimeControl "40/5400+30:1800+30"]

1. e4 {[%emt 0:00:00]} c5 {[%emt 0:00:00]} 2. Nc3 {[%emt 0:00:00]} Nc6 {[%emt 0:00:05]} 3. Bb5 {[%emt 0:00:31]} Nd4 {[%emt 0:02:58]} 4. Nf3 {[%emt 0:00:28]} e6 {[%emt 0:04:41]} 5. O-O {[%emt 0:01:25]} Ne7 {[%emt 0:00:40]} 6. Nxd4 {[%emt 0:02:07]} cxd4 {[%emt 0:00:10]} 7. Ne2 {[%emt 0:00:09]} a6 {[%emt 0:02:35]} 8. Bd3 {[%emt 0:03:11]} Nc6 {[%emt 0:01:09]} 9. c3 {[%emt 0:01:16]} Bc5 {[%emt 0:01:06]} 10. b4 {[%emt 0:01:00]} Ba7 {[%emt 0:01:19]} 11. cxd4 {[%emt 0:01:33]} Nxd4 {[%emt 0:10:20]} 12. Bb2 {[%emt 0:00:53]} Nxe2+ {[%emt 0:02:10]} 13. Qxe2 {[%emt 0:00:26]} O-O {[%emt 0:00:09]} 14. Qh5 {[%emt 0:01:59]} d6 {[%emt 0:08:37]} 15. Kh1 {[%emt 0:05:22]} f6 {[%emt 0:10:46]} 16. f4 {[%emt 0:01:44]} Qe8 {[%emt 0:10:14]} 17. Qh4 {[%emt 0:01:40]} e5 {[%emt 0:00:48]} 18. f5 {[%emt 0:00:00]} b5 {[%emt 0:02:00]} 19. Bc2 {[%emt 0:01:33]} Bb7 {[%emt 0:04:38]} 20. Bb3+ {[%emt 0:01:00]} d5 {[%emt 0:01:31]} 21. Rf3 {[%emt 0:13:43]} Rd8 {[%emt 0:00:24]} 22. Rd3 {[%emt 0:09:52]} Rf7 {[%emt 0:02:56]} 23. exd5 {[%emt 0:05:39]} Rd6 {[%emt 0:00:26]} 24. Rh3 {[%emt 0:02:11]} h6 {[%emt 0:00:29]} 25. d4 exd4 {[%emt 0:12:28]} 26. Bc1 {[%emt 0:11:24]} Re7 {[%emt 0:14:25]} 27. Bf4 {[%emt 0:02:05]} Rxd5 {[%emt 0:00:38]} 28. Rf1 {[%emt 0:04:57]} Re4 {[%emt 0:01:24]} 29. Rg3 {[%emt 0:01:50]} Kh7 {[%emt 0:03:05]} 30. Bxd5 {[%emt 0:03:06]} Bxd5 {[%emt 0:00:02]} 31. Qg4 {[%emt 0:00:43]} Qf7 {[%emt 0:01:12]} 32. Rc1 {[%emt 0:04:11]} Bc4 {[%emt 0:00:07]} 33. h4 {[%emt 0:00:40]} Qe7 {[%emt 0:01:27]} 34. Kh2 {[%emt 0:04:56]} Kh8 {[%emt 0:00:13]} 35. Qf3 {[%emt 0:02:23]} Bb6 {[%emt 0:00:29]} 36. Kh3 {[%emt 0:00:40]} Kh7 {[%emt 0:00:46]} 37. Qg4 {[%emt 0:10:09]} Kh8 {[%emt 0:00:06]} 38. Bd6 {[%emt 0:00:40]} Qb7 {[%emt 0:01:07]} 39. Qg6 {[%emt 0:00:32]} Re3 {[%emt 0:00:55]} 40. Rxe3 {[%emt 0:00:00]} dxe3 {[%emt 0:00:00]} 41. Qe8+ {[%emt 0:03:34]} Kh7 {[%emt 0:01:42]} 42. Bc5 {[%emt 0:01:18]} e2 {[%emt 0:01:49]} 43. Rc3 {[%emt 0:08:49]} Bc7 {[%emt 0:07:04]} 44. Qg6+ {[%emt 0:05:23]} Kh8 {[%emt 0:00:05]} 45. Qe8+ {[%emt 0:01:51]} Kh7 {[%emt 0:00:02]} 46. Qg6+ {[%emt 0:00:47]} Kh8 {[%emt 0:00:02]} 47. Qe8+ {[%emt 0:00:44]} 1/2-1/2

[Event "23rd European Women Club Cup 2018"]
[Site "Halkidiki"]
[Date "2018.10.14"]
[Round "3"]
[White "Dzagnidze, Nana"]
[Black "Ushenina, Anna"]
[Result "1/2-1/2"]
[WhiteElo "2509"]
[BlackElo "2451"]
[Annotator "ChessBase"]
[PlyCount "52"]
[EventDate "2018.10.12"]
[EventType "team-tourn"]
[EventCountry "GRE"]
[SourceTitle "playchess.com"]
[Source "ChessBase"]
[SourceQuality "1"]
[WhiteTeam "Nona"]
[BlackTeam "Ugra"]
[TimeControl "40/5400+30:1800+30"]

1. c4 {[%emt 0:00:00]} e5 {[%emt 0:00:00]} 2. Nc3 {[%emt 0:00:00]} Nf6 {[%emt 0:00:00]} 3. Nf3 {[%emt 0:00:28]} Nc6 {[%emt 0:00:00]} 4. a3 {[%emt 0:01:23]} g6 {[%emt 0:00:42]} 5. d3 {[%emt 0:04:13]} Bg7 {[%emt 0:01:07]} 6. g3 {[%emt 0:00:56]} d5 {[%emt 0:06:53]} 7. Bg5 {[%emt 0:01:40]} dxc4 {[%emt 0:02:58]} 8. dxc4 {[%emt 0:00:10]} Be6 {[%emt 0:09:55]} 9. Nd2 {[%emt 0:04:04]} h6 {[%emt 0:11:24]} 10. Bxf6 {[%emt 0:00:19]} Bxf6 {[%emt 0:00:32]} 11. Bg2 {[%emt 0:00:15]} Bg7 {[%emt 0:02:14]} 12. O-O {[%emt 0:02:29]} O-O {[%emt 0:00:11]} 13. e3 {[%emt 0:02:40]} f5 {[%emt 0:09:13]} 14. Bd5 {[%emt 0:02:28]} Bf7 {[%emt 0:00:55]} 15. Qb3 {[%emt 0:02:01]} Rb8 {[%emt 0:00:23]} 16. Rad1 {[%emt 0:05:22]} Qe7 {[%emt 0:04:12]} 17. Bxf7+ {[%emt 0:32:02]} Qxf7 {[%emt 0:04:25]} 18. f3 {[%emt 0:07:03]} f4 {[%emt 0:05:34]} 19. Nce4 {[%emt 0:00:49]} fxe3 {[%emt 0:05:22]} 20. Qxe3 {[%emt 0:00:19]} Nd4 {[%emt 0:00:04]} 21. Rc1 {[%emt 0:09:23]} Rfd8 {[%emt 0:09:40]} 22. b4 {[%emt 0:06:14]} Nf5 {[%emt 0:02:40]} 23. Qe2 {[%emt 0:03:28]} Nd4 {[%emt 0:00:19]} 24. Qe3 {[%emt 0:00:16]} Nf5 {[%emt 0:00:06]} 25. Qe2 {[%emt 0:00:25]} Nd4 {[%emt 0:00:05]} 26. Qe3 {[%emt 0:00:19]} Nf5 1/2-1/2

[Event "23rd European Women Club Cup 2018"]
[Site "Halkidiki"]
[Date "2018.10.14"]
[Round "3"]
[White "Pogonina, Natalija"]
[Black "Batsiashvili, Nino"]
[Result "1/2-1/2"]
[WhiteElo "2485"]
[BlackElo "2482"]
[Annotator "ChessBase"]
[PlyCount "67"]
[EventDate "2018.10.12"]
[EventType "team-tourn"]
[EventCountry "GRE"]
[SourceTitle "playchess.com"]
[Source "ChessBase"]
[SourceQuality "1"]
[WhiteTeam "Ugra"]
[BlackTeam "Nona"]
[TimeControl "40/5400+30:1800+30"]

1. d4 {[%emt 0:00:00]} d5 {[%emt 0:00:00]} 2. Nf3 {[%emt 0:02:37]} Nf6 {[%emt 0:00:52]} 3. c4 {[%emt 0:00:16]} e6 {[%emt 0:00:14]} 4. g3 {[%emt 0:00:09]} dxc4 {[%emt 0:00:18]} 5. Bg2 {[%emt 0:00:11]} a6 {[%emt 0:00:45]} 6. O-O {[%emt 0:01:19]} Nc6 {[%emt 0:00:17]} 7. e3 {[%emt 0:00:37]} Rb8 {[%emt 0:03:56]} 8. Qe2 {[%emt 0:01:44]} b5 {[%emt 0:01:07]} 9. b3 {[%emt 0:00:15]} cxb3 {[%emt 0:00:15]} 10. axb3 {[%emt 0:00:04]} Bd6 {[%emt 0:00:25]} 11. Bb2 {[%emt 0:01:40]} Qe7 {[%emt 0:05:29]} 12. Ne5 {[%emt 0:08:58]} Nb4 {[%emt 0:00:50]} 13. Nc6 {[%emt 0:02:43]} Nxc6 {[%emt 0:01:05]} 14. Bxc6+ {[%emt 0:00:04]} Nd7 {[%emt 0:06:31]} 15. f4 {[%emt 0:11:56]} O-O {[%emt 0:02:37]} 16. Nd2 {[%emt 0:04:19]} Rb6 {[%emt 0:01:05]} 17. Rfc1 {[%emt 0:03:54]} Bb4 {[%emt 0:04:44]} 18. Bg2 {[%emt 0:09:17]} c5 {[%emt 0:12:36]} 19. Ne4 {[%emt 0:00:53]} f5 {[%emt 0:02:44]} 20. Nf2 {[%emt 0:01:54]} cxd4 {[%emt 0:03:06]} 21. Bxd4 {[%emt 0:00:31]} Bc5 {[%emt 0:04:35]} 22. Bxc5 {[%emt 0:11:54]} Nxc5 {[%emt 0:00:03]} 23. Qc2 {[%emt 0:00:09]} Nd7 {[%emt 0:01:50]} 24. Rd1 {[%emt 0:02:17]} Nf6 {[%emt 0:04:51]} 25. Qc3 {[%emt 0:04:12]} Nd5 {[%emt 0:06:40]} 26. Bxd5 {[%emt 0:11:43]} exd5 {[%emt 0:00:02]} 27. Qd4 {[%emt 0:00:07]} Re6 {[%emt 0:00:43]} 28. Re1 {[%emt 0:00:07]} Re8 {[%emt 0:00:51]} 29. Rac1 {[%emt 0:00:14]} Bb7 {[%emt 0:01:57]} 30. Nd3 {[%emt 0:05:03]} Re4 {[%emt 0:09:48]} 31. Qb6 {[%emt 0:01:01]} Re6 {[%emt 0:01:17]} 32. Qd4 {[%emt 0:03:50]} Re4 {[%emt 0:00:24]} 33. Qb6 {[%emt 0:03:15]} Re6 {[%emt 0:00:58]} 34. Qd4 {[%emt 0:03:01]} 1/2-1/2

[Event "23rd European Women Club Cup 2018"]
[Site "Halkidiki"]
[Date "2018.10.14"]
[Round "3"]
[White "Javakhishvili, Lela"]
[Black "Girya, Olga"]
[Result "1-0"]
[WhiteElo "2475"]
[BlackElo "2479"]
[Annotator "ChessBase"]
[PlyCount "65"]
[EventDate "2018.10.12"]
[EventType "team-tourn"]
[EventCountry "GRE"]
[SourceTitle "playchess.com"]
[Source "ChessBase"]
[SourceQuality "1"]
[WhiteTeam "Nona"]
[BlackTeam "Ugra"]
[TimeControl "40/5400+30:1800+30"]

1. c4 {[%emt 0:00:00]} Nf6 {[%emt 0:00:00]} 2. Nc3 {[%emt 0:00:00]} e5 {[%emt 0:00:00]} 3. Nf3 {[%emt 0:00:09]} Nc6 {[%emt 0:00:00]} 4. e3 {[%emt 0:00:11]} Bb4 {[%emt 0:00:55]} 5. Qc2 {[%emt 0:00:06]} Bxc3 {[%emt 0:00:17]} 6. bxc3 {[%emt 0:00:11]} e4 {[%emt 0:07:38]} 7. Nd4 {[%emt 0:02:36]} d6 {[%emt 0:06:43]} 8. Be2 {[%emt 0:06:30]} O-O {[%emt 0:02:34]} 9. f3 {[%emt 0:01:08]} Qe7 {[%emt 0:20:35]} 10. O-O {[%emt 0:02:05]} Bd7 {[%emt 0:13:25]} 11. fxe4 {[%emt 0:01:26]} Nxe4 {[%emt 0:00:36]} 12. d3 {[%emt 0:01:52]} Nc5 {[%emt 0:01:04]} 13. Nf5 {[%emt 0:10:01]} Bxf5 {[%emt 0:01:37]} 14. Rxf5 {[%emt 0:00:06]} Rae8 {[%emt 0:06:03]} 15. Bd2 {[%emt 0:05:24]} Qd7 {[%emt 0:02:08]} 16. Raf1 {[%emt 0:01:00]} Ne7 {[%emt 0:00:21]} 17. R5f2 {[%emt 0:01:58]} Ng6 {[%emt 0:06:54]} 18. e4 {[%emt 0:03:33]} a6 {[%emt 0:00:11]} 19. Be3 {[%emt 0:06:29]} Qc6 {[%emt 0:05:38]} 20. Rf5 {[%emt 0:10:22]} Ne7 {[%emt 0:05:53]} 21. R5f3 {[%emt 0:00:33]} Ng6 {[%emt 0:00:39]} 22. Rh3 {[%emt 0:01:30]} b5 {[%emt 0:04:43]} 23. cxb5 {[%emt 0:01:16]} axb5 {[%emt 0:02:51]} 24. Rf5 {[%emt 0:09:20]} Na4 25. Bf1 Qxc3 {[%emt 0:02:47]} 26. Qe2 {[%emt 0:00:51]} c6 {[%emt 0:06:20]} 27. Qh5 {[%emt 0:02:54]} h6 {[%emt 0:00:02]} 28. d4 {[%emt 0:04:40]} Qa1 {[%emt 0:00:54]} 29. e5 {[%emt 0:02:05]} Re6 {[%emt 0:02:46]} 30. Bxh6 {[%emt 0:04:39]} Nh4 {[%emt 0:00:18]} 31. Bxg7 {[%emt 0:04:45]} Qxd4+ {[%emt 0:00:26]} 32. Kh1 {[%emt 0:00:28]} Kxg7 {[%emt 0:00:59]} 33. Rxh4 {[%emt 0:00:20]} 1-0